| 000 | 00613nam a2200205 a 4500 | ||
|---|---|---|---|
| 005 | 20210219154207.0 | ||
| 008 | 021021s1993 mx r 000 0 spa d | ||
| 020 | _a8476583982 | ||
| 035 | _aUPN01000120280 | ||
| 049 | _aCG | ||
| 050 | 4 |
_aB3317 _bR4.48 |
|
| 100 | 1 | _aReboul, Olivier | |
| 245 | 1 | 0 |
_aNietzsche crítico de Kant / _cOlivier Reboul ; tr. Julio Quesada. |
| 260 |
_aBarcelona, Esp. : _bAnthropos, _c1993. |
||
| 300 | _a161 p. | ||
| 440 | 0 |
_aAutores, textos y temas _pFilosofía ; _v44 |
|
| 600 | 1 | 4 |
_aNIETZSCHE, FRIEDRICH WILHELM, _d1844-1900 |
| 600 | 1 | 4 |
_aKANT, IMMANUEL, _d1724-1804 |
| 905 | _aLibro | ||
| 999 |
_c92620 _d92620 |
||